| 000 -ლიდერი |
| ფიქსირებული სიგრძის საკონტროლო ველი |
01695nam a22002417a 4500 |
| 003 - საკონტროლო ნომრის იდენტიფიკატორი |
| საკონტროლო ველი |
Ge_BSU |
| 005 - ბოლო ოპერაციის თარიღი და დრო |
| საკონტროლო ველი |
20200520153513.0 |
| 008 - ფიქსირებული სიგრძის მონაცემთა ელემენტები - ზოგადი ინფორმაცია |
| ფიქსირებული სიგრძის საკონტროლო ველი |
200520s2018 xxu||||| |||| 00| 0 geo d |
| 020 ## - წიგნის საერთაშორისო სტანდარტული ნომერი |
| International Standard Book Number |
9789941804939 |
| 041 ## - ენის კოდი |
| Language code of text/sound track or separate title |
geo |
| 080 ## - უნივერსალური ათობითი კლასიფიკაციის ინდექსი |
| Universal Decimal Classification number |
364(075.8) კ-50 |
| 100 ## - მთავარი ჩანაწერი - პიროვნების სახელი |
| Personal name |
კილაძე, სოფიო. |
| 9 (RLIN) |
8125 |
| 245 ## - ცნობა სათაურის შესახებ |
| Title |
სოციალური მუშაობის სამართლის სახელმძღვანელო / |
| Statement of responsibility, etc |
სოფიო კილაძე ; ანა ფირცხალაშვილი ; რედ : რატი იონათამიშვილი ; ეთერ ცხაკაია. |
| 264 ## - წარმოების, გამოცემის, დისტრიბუციის და სხვა ცნობები |
| გამოცემის, წარმოების, დისტრიბუციის... ადგილი |
თბილისი : |
| გამოცემის, წარმოების, დისტრიბუციის... სახელწოდება |
ფრიდრიხ ებერტის ფონდი, |
| გამოცემის, წარმოების, დისტრიბუციის... თარიღი |
2018. |
| 300 ## - ფიზიკური აღწერა |
| Extent |
290 გვ. ; |
| Dimensions |
20 სმ. |
| 504 ## - BIBLIOGRAPHY, ETC. NOTE |
| Bibliography, etc |
ბიბლიოგრაფია ტექსტის შენიშვნებში. |
| 653 ## - INDEX TERM--UNCONTROLLED |
| Uncontrolled term |
სოციალური უზრუნველყოფა |
| 700 ## - ADDED ENTRY--PERSONAL NAME |
| Personal name |
ფირცხალაშვილი, ანა |
| 9 (RLIN) |
8126 |
| 700 ## - ADDED ENTRY--PERSONAL NAME |
| Personal name |
იონათამიშვილი, რატი |
| Relator term |
რედაქტორი |
| 9 (RLIN) |
8127 |
| 700 ## - ADDED ENTRY--PERSONAL NAME |
| Personal name |
ცხაკაია, ეთერ |
| Relator term |
რედაქტორი |
| 9 (RLIN) |
8128 |
| 710 ## - ADDED ENTRY--CORPORATE NAME |
| Corporate name or jurisdiction name as entry element |
ნაშრომი მომზადებულია ფრიდრიხ ებერტის ფონდისა, გრიგოლ რობაქიძის სახელობის უნივერსიტეტის და ა(ა)იპ დემოკრატიის განვითარების სააგენტოს მხარდაჭერით. |
| 9 (RLIN) |
8129 |
| 942 ## - ADDED ENTRY ELEMENTS (KOHA) |
| Source of classification or shelving scheme |
|
| Koha item type |
წიგნი |